| 000 | 00981nas a2200289 4500 | ||
|---|---|---|---|
| 001 | BR2020000801 | ||
| 003 | BR-BrBNA | ||
| 005 | 20231205132111.0 | ||
| 007 | ta | ||
| 008 | 230509b bl.|||p| |||| 00| 00por d | ||
| 040 |
_aBR-BrBNA _bpor _cBiblioteca Nacional de Agricultura |
||
| 041 | _a(Pt) | ||
| 072 | _aU40 | ||
| 100 | 1 | _aRibeiro, R.B. | |
| 100 | 1 | _aFilgueiras, R. | |
| 100 | 1 | _aRamos, M.C.A. | |
| 100 | 1 | _aNascimento, C.R. | |
| 245 | 1 | _aAnálise temporal das variações de parâmetros biofísicos da cana-de-açúcar em Jaíba-MG | |
| 650 | _aCANA DE AÇÚCAR | ||
| 650 | _aFENOLOGIA | ||
| 650 | _aSENSORIAMENTO REMOTO | ||
| 773 | 0 |
_tNativa. Pesquisas Agrárias e Ambientais (Brazil) _xISSN 2318-7670 _g(Jul-Sep 2015), v. 3(3) p. 150-155 _wBR2020000801 |
|
| 856 | 4 | 0 | _uhttps://periodicoscientificos.ufmt.br/ojs/index.php/nativa/article/view/2274 |
| 856 | 4 | 0 | _dLink DSPACE/MAPA BR2020000801 |
| 909 |
_a202311 _bLúcia _c55 _dLúcia Elande |
||
| 942 |
_2AGRIS _n0 _cANA |
||
| 999 |
_c258465 _d258465 |
||